| 000 -LEADER |
| fixed length control field |
00770pam a2200253 a 4500 |
| 001 - CONTROL NUMBER |
| control field |
3890360 |
| 003 - CONTROL NUMBER IDENTIFIER |
| control field |
OSt |
| 005 - DATE AND TIME OF LATEST TRANSACTION |
| control field |
20220808083440.0 |
| 008 - FIXED-LENGTH DATA ELEMENTS--GENERAL INFORMATION |
| fixed length control field |
070201s2007 xnaac 001 0 eng |
| 020 ## - INTERNATIONAL STANDARD BOOK NUMBER |
| International Standard Book Number |
9781921077579 |
| 037 ## - SOURCE OF ACQUISITION |
| Source of stock number/acquisition |
80 Bay Street Ultimo NSW 2007 |
| 040 ## - CATALOGING SOURCE |
| Original cataloging agency |
ANL |
| Language of cataloging |
eng |
| Transcribing agency |
KH8 |
| 042 ## - AUTHENTICATION CODE |
| Authentication code |
anuc |
| 082 04 - DEWEY DECIMAL CLASSIFICATION NUMBER |
| Classification number |
613 ONE |
| Edition number |
22 |
| 245 00 - TITLE STATEMENT |
| Title |
1801 home remedies : |
| Remainder of title |
trustworthy treatments for everyday health problems. |
| 246 33 - VARYING FORM OF TITLE |
| Title proper/short title |
One thousand eight hundred and one home remedies |
| 260 ## - PUBLICATION, DISTRIBUTION, ETC. |
| Place of publication, distribution, etc. |
Ultimo, N.S.W. : |
| Name of publisher, distributor, etc. |
Reader's Digest, |
| Date of publication, distribution, etc. |
2007. |
| 300 ## - PHYSICAL DESCRIPTION |
| Extent |
464 p. : |
| Other physical details |
col. ill., ports. ; |
| Dimensions |
26 cm. |
| 500 ## - GENERAL NOTE |
| General note |
Includes index. |
| 650 #0 - SUBJECT ADDED ENTRY--TOPICAL TERM |
| Topical term or geographic name entry element |
Health |
| Form subdivision |
Popular works. |
| 650 #0 - SUBJECT ADDED ENTRY--TOPICAL TERM |
| Topical term or geographic name entry element |
Self-care, Health. |
| 710 2# - ADDED ENTRY--CORPORATE NAME |
| Corporate name or jurisdiction name as entry element |
Reader's Digest (Australia) |
| 942 ## - ADDED ENTRY ELEMENTS (KOHA) |
| Source of classification or shelving scheme |
|
| Koha item type |
Books - Non Ficton |